Normal view
MARC view
- Conley, AH; ed
Entry Personal Name
001 - CONTROL NUMBER
- control field: 7189
003 - CONTROL NUMBER IDENTIFIER
- control field: OSt
005 - DATE AND TIME OF LATEST TRANSACTION
- control field: 20250220112536.0
008 - FIXED-LENGTH DATA ELEMENTS
- fixed length control field: 250220|| aca||aabn | a|a d
040 ## - CATALOGING SOURCE
- Original cataloging agency: OSt
- Transcribing agency: OSt
100 ## - HEADING--PERSONAL NAME
- Personal name: Conley, AH; ed
670 ## - SOURCE DATA FOUND
- Source citation: Work cat.: (OSt)19416: ICID 1613, Sixteenth International Congress on Irrigation and Drainage :, 1996.
